| 000 | 01441 a2200361 4500 | ||
|---|---|---|---|
| 001 | 200002362 | ||
| 999 |
_c200002362 _d20253 |
||
| 003 | TR-AnTOB | ||
| 005 | 20250108144010.0 | ||
| 008 | 101031b tu 000 0 | ||
| 020 | _a9789944405584 (set.) | ||
| 035 | _a200002362 | ||
| 040 |
_aBGZ _cTOBBETU |
||
| 041 | _atur | ||
| 050 | 1 | 4 |
_aK1401 _b.F47 2010 |
| 090 | _aK1401 .F47 2010 | ||
| 245 | 0 | 0 |
_aFikri haklar sözlüğü / _c[haz.] M. Kaan Dericioğlu. |
| 264 | 1 |
_aİstanbul : _bTürk Sanayicileri ve İşadamları Derneği, _c2010. |
|
| 300 |
_av. ; _c21 cm. |
||
| 490 | 0 |
_aTürk Sanayicileri ve İşadamları Derneği Yayın ; _vNo. TÜSİAD-T/2010/04-500. |
|
| 505 | _aGiriş.-- v.1. Fikri haklar, genel terimler.-- v.2. Eserler.-- v.3. Buluşlar.-- v.4. Endüstriyel tasarımlar.-- v.5. Markalar.-- v.6. Coğrafi işaretle.-- v.7. Alan adları. | ||
| 650 | 0 |
_aTicari markalar _xHukuk ve mevzuat _vSözlükler _971460 |
|
| 650 | 0 |
_aPatent hukuku ve mevzuatı _vSözlükler _971459 |
|
| 650 | 0 |
_aTelif hakkı _vSözlükler _971458 |
|
| 650 | 0 |
_aFikri mülkiyet _vSözlükler _971457 |
|
| 650 | 0 |
_aIntellectual property _vDictionaries _971456 |
|
| 650 | 0 |
_aTrademarks _xLaw and legislation _vDictionaries _971455 |
|
| 650 | 0 |
_aCopyright _vDictionaries _971454 |
|
| 650 | 0 |
_aPatent laws and legislation _vDictionaries _971453 |
|
| 700 | 1 |
_aDericioğlu, M. Kaan _971452 |
|
| 710 | 2 |
_aTürk Sanayicileri ve İş Adamları Derneği _918434 |
|
| 942 | _cBK | ||